000
00291nam a22001097a 4500
008
160504b xxu||||| |||| 00| 0 eng d
020
_a
0871202522
041
_a
eng
080
_a
612.39
245
_a
Violence through conflict resolution:
_c
David W. Johnson; Roger T. Johnson;
942
_2
udc
_c
BK
999
_c
1785
_d
1785